000 00696nam a2200253Ia 4500
005 20250425162349.0
008 250425s9999 xx 000 0 und d
020 _a9780470007235
041 _aeng
082 _a658.421
100 _aGOLDBERG, DAVID E.
245 0 _aTHE ENTREPRENEURIAL ENGINEER PERSONAL, INTERPERSONAL, AND ORGANIZATIONAL SKILSS FOR ENGINEERS IN A WORLD OF OPPORTUNITY
250 _aS.E.
260 _aEstados Unidos
_bJOHN WILEY&SONS
_c2006
260 _aNEW YORK
300 _a208
650 _aEMPRENDEDORES
650 _aINGENIERIA
650 _aLIDERAZGO
650 _aORGANIZACION
710 _aJOHN WILEY & SOSN, INC
942 _c01
010 _a66248
999 _c227741
_d227741